1651 1113 1676 1383 1403 1273 1082 1416 1271 1797 1591 1098 1250 1180 1298 1387 1248 1595 1318 1529 1357 1433 1912 1824 1296 1136 1456 1384 1167 1838 1793 1415 1725 1965 1990 1764 1296 1787 1045 1391 1230 1229 1763 1393 1179 1397 1455 1012 1822 1222 1471 1158 1183 1976 1555 1570 1894 1471 1413 1588 1094 1564 1797 1730 1553 1430 1939 1791 1532 1350 1132 1872 1721 1683 1205 1726 1255 1850 1865 1670 1531 1441 1688 1592 1999 1307 1863 1156 1520 1717 1110 1026 1732 1418 1455 1013 1188 1457 1688 BCNSPRNW ULIB Ver.6.0+V

เปลี่ยนเป็นภาษาไทย

Change to English
 แสดงรายละเอียดบรรณานุกรม
  กลับหน้าหลัก

Brief Record : Get Marc (ISO 2709) : E-mail record : QR code < ปิดหน้าต่าง
LEADER : 00000nam 2200000uu 4500
001    13399120239
003     ULIB
008    020711s2551 th a 000 0 tha d
020    9789741677740
050    OT255 ถ111ย
100    ถือศีล ดิฐวัฒน์โยธิน
245    โยคะบำบัดสำหรับชาวออฟฟิศ/^cถือศีล ดิฐวัฒน์โยธิน
250    พิมพ์ครั้งที่ 1
260    กรุงเทพฯ :^bเกียวโด เนชั่น,^c2551
300    200 หน้า
650    สุขภาพ
945    ^p0^l0^i15370
999    ^aทศพร เกษรทอง
รายการนี้ยังไม่มีแท็ก
คุณยังไม่ได้ล็อกอิน คุณสามารถมีกิจกรรมร่วมกับเว็บไซต์ได้ แต่ต้องล็อกอินก่อน ::
  ล็อกอิน

รายการสื่อสารสนเทศ

ลำดับที่ ประเภท เลขเรียก/บาร์โค้ด สถานที่ สถานะ
- ไม่พบข้อมูล -

รายการใกล้เคียง
    หัวเรื่อง [สุขภาพ]

BibComment


ยังไม่เคยถูกคอมเมนท์

คอมเมนท์ทรัพยากรรายการนี้
  คอมเมนท์: โยคะบำบัดสำหรับชา..


 Copyright 2026. Bcnsprnw @Library